| 000 | 00551nam a2200217Ia 4500 | ||
|---|---|---|---|
| 003 | OSt | ||
| 005 | 20220918225012.0 | ||
| 006 | a|||||r|||| 00| 0 | ||
| 007 | ta | ||
| 008 | 220917b |||||||| |||| 00| 0 eng d | ||
| 024 | _a236,034 | ||
| 037 | _cTextual | ||
| 040 |
_aARTS _cARTS _beng |
||
| 041 |
_2eng _aeng |
||
| 082 | _aA, K6 | ||
| 245 | 0 |
_aSchool defence corps programme _b organising science circle |
|
| 260 |
_aNew Delhi _bNCERT India _c1966 |
||
| 300 |
_a40p. _ccm. |
||
| 942 |
_hA, K6 _cTEXL _2CC |
||
| 999 |
_c283026 _d283026 |
||